Key To Geophysical Record : Marine Geophysical Data No. 1 (Record no. 590819)

MARC details
000 -LEADER
fixed length control field 00517nam a2200145Ia 4500
008 - FIXED-LENGTH DATA ELEMENTS--GENERAL INFORMATION
fixed length control field 100415s9999 xx 000 0 und d
082 ## - DEWEY DECIMAL CLASSIFICATION NUMBER
Item number 7867
100 ## - MAIN ENTRY--PERSONAL NAME
Personal name National Geographycial And Solar Ierrestrian Data Centre
245 ## - TITLE STATEMENT
Title Key To Geophysical Record : Marine Geophysical Data No. 1
260 ## - PUBLICATION, DISTRIBUTION, ETC. (IMPRINT)
Place of publication, distribution, etc BOULDER
Date of publication, distribution, etc 1972
Name of publisher, distributor, etc Dept. Of Commerce
365 ## - TRADE PRICE
Price amount 0
630 ## - SUBJECT ADDED ENTRY--UNIFORM TITLE
Uniform title Key To Geophysical Record : Marine Geophysical Data No. 1
730 ## - ADDED ENTRY--UNIFORM TITLE
Uniform title Key To Geophysical Record : Marine Geophysical Data No. 1
942 ## - ADDED ENTRY ELEMENTS (KOHA)
Koha item type Book
Holdings
Withdrawn status Lost status Damaged status Not for loan Home library Current library Date acquired Cost, normal purchase price Total Checkouts Full call number Barcode Date last seen Price effective from Koha item type
        Bombay Natural History Society Bombay Natural History Society 11/20/1972 0.00   7867 BNHS-7867 04/15/2010 04/15/2010 Book